| 000 | 00649nam a22001937a 4500 | ||
|---|---|---|---|
| 999 |
_c14943 _d14943 |
||
| 003 | AR-CdUCM | ||
| 008 | 190425b ||||| |||| 00| 0 spa d | ||
| 020 | _a978-84-9101-197-2 | ||
| 040 |
_aMUNICIPALIDAD PROVINCIAL DEL CUSCO _cBIBLIOTECA MUNICIPAL DEL CUSCO |
||
| 082 |
_aPI / 376.1 / _bS66 |
||
| 100 |
_aSolís, Fermín _933925 |
||
| 245 | _aBusca y encuentra los animales / | ||
| 260 |
_aBarcelona : _bCombel _c2016. |
||
| 300 |
_a12 páginas ; _bIlustraciones, _c28 cm. _e+ hojas plegables |
||
| 650 |
_aLiteratura infantil _9588 |
||
| 700 |
_aBravo de la Varga, Roberto (traducción) _933926 |
||
| 942 |
_2ddc _cLIBROS |
||
| 945 |
_aacv _d2019-04-25 |
||